Associez l'artiste à une couleur - Statistiques

Statistiques générales
  • Ce quiz a été pris 205 fois
  • Le résultat moyen est 8 sur 20
Statistiques - réponses
Hint Explanation Réponse % Correct
Édith Piaf La Vie en rose, chanson de 1946 Rose
71%
Michel Berger Le Paradis blanc, chanson de 1990 Blanc
67%
Barbara L'Aigle noir, chanson de 1970 Noir
66%
Christian Louboutin Connu pour ses chaussures à la semelle rouge Rouge
66%
Johnny Hallyday Noir c'est noir, chanson de 1966 Noir
57%
Kaaris Or Noir, album sorti en 2013 Noir
56%
Bertrand Cantat membre du groupe de musique Noir Désir Noir
56%
Stanley Kubrick Réalisateur d'Orange mécanique, sorti en 1971 Orange
56%
Jean Reno Joue dans Le Grand Bleu, sorti en 1988 Bleu
47%
Pierre Soulages Connu pour son usage des reflets de la couleur noire Noir
47%
Yves Klein Connu pour son bleu outremer, qui porte son nom Bleu
45%
Henri Matisse Célèbres pour ses peintures Nu bleu Bleu
37%
Johann Strauss II Compositeur de la valse de 1866 Le Beau Danube bleu Bleu
35%
Gaston Leroux Le Mystère de la chambre jaune, roman de 1907 Jaune
32%
Kate Winslet Joue Rose dans Titanic Rose
31%
Frank Darabont Réalisateur de La Ligne verte, sorti en 1999 Vert
21%
Gilbert Bécaud L'Orange, chanson de 1964 Orange
17%
Elsa Schiaparelli Créatrice de mode ayant inventé le Rose shocking Rose
14%
Terrence Malick Réalisateur de La Ligne rouge, sorti en 1998 Rouge
13%
Raoul Cauvin Scénariste des bandes dessinées Les Tuniques Bleues Bleu
10%
Aucun quiz correspondant
Distribution des résultats
% des personnes avec chaque résultat
Percentile par nombre de réponses
Votre historique - résultats
Vous n’avez pas pris ce quiz